Arizona Cardinals 2022-23 Roster (as of 8-15-2022) - Statistics

General Stats
  • This quiz has been taken 6 times
  • The average score is 7 of 86
Answer Stats
Position Answer % Correct
QB Kyler Murray
100%
RB James Conner
83%
WR DeAndre Hopkins
67%
WR AJ Green
50%
S Budda Baker
50%
DE JJ Watt
50%
TE Zach Ertz
50%
QB Colt McCoy
33%
K Matt Prater
33%
WR Rondale Moore
33%
CB Byron Murphy
17%
LB Isaiah Simmons
17%
CB Josh Jackson
17%
WR Marquise Brown
17%
TE Maxx Williams
17%
C Rodney Hudson
17%
LB Zaven Collins
17%
LS Aaron Brewer
0%
WR Andre Baccellia
0%
WR Andy Isabella
0%
P Andy Lee
0%
WR Antoine Wesley
0%
CB Antonio Hamilton
0%
DT Antwaun Woods
0%
LB Ben Niemann
0%
TE Bernhard Seikovits
0%
LB Cameron Thomas
0%
LB Chandler Wooten
0%
S Charles Washington
0%
TE Chris Pierce
0%
CB Christian Matthew
0%
DT Christian Ringo
0%
CB Cortez Davis
0%
G Danny Isidora
0%
CB Darrell Baker
0%
RB Darrel Williams
0%
S Deionte Thompson
0%
LB Dennis Gardeck
0%
TE Deon Yelder
0%
LB Devon Kennard
0%
T DJ Humphries
0%
RB Eno Benjamin
0%
LB Ezekiel Turner
0%
WR Greg Dortch
0%
CB Jace Whittaker
0%
S Jalen Thompson
0%
S James Wiggins
0%
QB Jarrett Guarantano
0%
WR JaVonta Payton
0%
LB Jesse Luketa
0%
LB Jessie Lemonier
0%
LB Joe Walker
0%
DE Jonathan Ledbetter
0%
RB Jonathan Ward
0%
WR Jontre Kirklin
0%
T Josh Jones
0%
T Joshua Miles
0%
T Justin Murray
0%
G Justin Pugh
0%
RB Keaontay Ingram
0%
T Kelvin Beachum
0%
G Koda Martin
0%
G Lecitus Smith
0%
DT Leki Fotu
0%
DT Manny Jones
0%
WR Marcell Ateman
0%
CB Marco Wilson
0%
LB Markus Golden
0%
G Marquis Hayes
0%
DE Michael Dogbe
0%
LB Myjai Sanders
0%
LB Nick Vigil
0%
P Nolan Cooney
0%
T Rashaad Coward
0%
DT Rashard Lawrence
0%
G Sean Harlow
0%
TE Stephen Anderson
0%
S Tae Daley
0%
LB Tanner Vallejo
0%
RB TJ Pledger
0%
QB Trace McSorley
0%
TE Trey McBride
0%
WR Victor Bolden
0%
LB Victor Dimukeje
0%
G Will Hernandez
0%
DE Zach Allen
0%
No matching quizzes found
Score Distribution
Percent of People with Each Score
Percentile by Number Answered
Your Score History
You have not taken this quiz